Angel. The complete third season /

A vampire cursed with a soul, Angel tries to help people with supernatural problems while seeking his own redemption.

Bibliographic Details
Uniform Title:Angel (Television program : 1999-2004).
Main Author: Greenwalt, David (Creator, Producer, television writer.)
Other Authors: Boreanaz, David, 1971- (Actor), Carpenter, Charisma, 1970- (Actor), Denisof, Alexis, 1966- (Actor), Richards, J. August, 1973- (Actor), Acker, Amy, 1976- (Actor), Hallett, Andy, 1975-2009 (Actor)
Format: Video DVD
Language:English
French
Spanish
Language Notes:In English, French, or Spanish with optional English or Spanish subtitles.
Closed-captioned.
Published: Beverly Hills, CA : 20th Century Fox Home Entertainment, 2008.
Edition:Widescreen, dual layer.
Subjects:

MARC

Tag First Indicator Second Indicator Subfields
LEADER 00000cgm a2200000Ii 4500
001 in00004764021
008 101022p20082001cau990 vleng d
007 vd cvaizu
005 20240108151502.6
035 |a (OCoLC)ocn671492807 
040 |a NYP  |b eng  |c NYP  |d OCLCA  |d OCLCQ  |d OCLCF  |d OCLCO  |d OCL  |d OCLCO  |d OCLCQ  |d OCLCO  |e rda  |d WVH  |d HRF  |d OCL  |d NTG  |d OCLCO  |d OCLCL  |d TXA 
019 |a 1014362146  |a 1052683832 
024 1 |a 024543233466 
024 7 |a 00024543233466  |2 gtin-14 
028 4 2 |a 2258411  |b Twentieth Century Fox Home Entertainment 
035 |a (OCoLC)671492807  |z (OCoLC)1014362146  |z (OCoLC)1052683832 
041 1 |a eng  |a fre  |a spa  |j eng  |j spa 
050 4 |a PN1992.77.A54  |b A5413 2008 
082 0 4 |a 791.45/72  |2 23 
130 0 |a Angel (Television program : 1999-2004).  |n Season 3. 
245 1 0 |a Angel.  |n The complete third season /  |c written by David Greenwalt [and others] ; directed by David Greenwalt [and others]. 
246 1 |i Title from disc label:  |a Angel.  |n Season three 
250 |a Widescreen, dual layer. 
264 1 |a Beverly Hills, CA :  |b 20th Century Fox Home Entertainment,  |c 2008. 
300 |a 6 videodiscs (990 min.) :  |b sound, color ;  |c 4 3/4 in. 
336 |a two-dimensional moving image  |b tdi  |2 rdacontent 
337 |a video  |b v  |2 rdamedia 
338 |a videodisc  |b vd  |2 rdacarrier 
344 |a digital  |2 rdatr 
344 |b optical  |2 rdarm 
344 |g surround  |2 rdacpc 
344 |h Dolby  |2 rdaspc 
346 |b NTSC  |2 rdabs 
347 |a video file  |2 rdaft 
347 |e region 1  |2 rdare 
347 |b DVD video 
380 |a Television program 
500 |a Features: selected audio commentary, season three overview, Darla : deliver us from evil, Page to screen, deleted scenes, outtakes, screen tests. 
505 0 0 |g Disc 1:  |t Heartthrob ;  |t That vision thing ;  |t That old gang of mine ;  |t Carpe noctem --  |g Disc 2:  |t Fredless ;  |t Billy ;  |t Offspring ;  |t Quickening --  |g Disc 3:  |t Lullaby ;  |t Dad ;  |t -- Disc 4:  |t Birthday ;  |t Provider ;  |t Waiting in the wings ;  |t Couplet --  |g Disc 5:  |t Loyalty ;  |t Sleep tight ;  |t Forgiving ;  |t Double or nothing --  |g Disc 6:  |t The price ;  |t A new world ;  |t Benediction ;  |t Tomorrow. 
505 0 |a Disc one. Episodes 1-4 -- Disc two. Episodes 5-8 -- Disc three. Episodes 9-11 -- Disc four. 12-15 -- Disc five. 16-19 -- Disc six. 20-22. 
511 1 |a David Boreanaz, Charisma Carpenter, Alexis Denisof, J. August Richards, Amy Acker, Andy Hallett. 
518 |a Originally broadcast on television 2001-2002. 
520 |a A vampire cursed with a soul, Angel tries to help people with supernatural problems while seeking his own redemption. 
521 8 |a TV rating: Not rated. 
540 |a For private home use only. 
546 |a In English, French, or Spanish with optional English or Spanish subtitles. 
546 |a Closed-captioned. 
508 |a Directors of photography, Ross Berryman, Herbert Davis ; editors, Mark J. Goldman ... [et al.] ; original music, Robert J. Kral ; costume designers, Jessica Pazdernik, Shawna Trpcic ; production designer, Stuart Blatt ; visual effects supervisor, Loni Peristere. 
500 |a The Cushing Library/Science Fiction copy “Donated by Candace Benefiel as part of the Candace Benefiel Collection of Vampire Literature, Science Fiction, and Fantasy.” 
600 0 0 |a Angel  |c (Fictitious character from Whedon)  |v Drama. 
650 0 |a Vampires  |v Drama. 
650 0 |a Demonology  |v Drama. 
650 6 |a Émissions d'horreur télévisées. 
650 6 |a Vidéos pour personnes handicapées auditives. 
650 6 |a Fictions télévisées. 
650 7 |a Demonology.  |2 fast  |0 (OCoLC)fst00890199 
650 7 |a Vampires.  |2 fast  |0 (OCoLC)fst01163968 
650 7 |a Video recordings for the hearing impaired.  |2 fast  |0 (OCoLC)fst01166513 
655 4 |a Video recordings with Spanish language options. 
655 4 |a Video recordings with French language options. 
655 7 |a Drama.  |2 fast  |0 (OCoLC)fst01423879 
655 7 |a Horror television programs.  |2 fast  |0 (OCoLC)fst01710430 
655 7 |a Television series.  |2 fast  |0 (OCoLC)fst01710566 
655 7 |a Vampire television programs.  |2 fast  |0 (OCoLC)fst01710446 
655 7 |a Vampire television programs.  |2 lcgft 
655 7 |a Horror television programs.  |2 lcgft 
655 7 |a Television series.  |2 lcgft 
655 7 |a Émissions de vampires télévisées.  |2 rvmgf 
655 7 |a Émissions d'horreur télévisées.  |2 rvmgf 
655 7 |a Séries télévisées.  |2 rvmgf 
700 1 |a Greenwalt, David,  |e creator,  |e producer,  |e television writer. 
700 1 |a Boreanaz, David,  |d 1971-  |e actor.  |1 https://id.oclc.org/worldcat/entity/E39PBJyRrMP3GkxmxMyWDvFFrq 
700 1 |a Carpenter, Charisma,  |d 1970-  |e actor.  |1 https://id.oclc.org/worldcat/entity/E39PBJvXk6HRMcHhGyccb7GbVC 
700 1 |a Denisof, Alexis,  |d 1966-  |e actor.  |1 https://id.oclc.org/worldcat/entity/E39PBJtMtcrdjRQXg7WftdrDv3 
700 1 |a Richards, J. August,  |d 1973-  |e actor.  |1 https://id.oclc.org/worldcat/entity/E39PBJc3BKpJwJRWG7MXgCPYT3 
700 1 |a Acker, Amy,  |d 1976-  |e actor.  |1 https://id.oclc.org/worldcat/entity/E39PBJvRWdgf7MjxRhq7JQxFKd 
700 1 |a Hallett, Andy,  |d 1975-2009,  |e actor.  |1 https://id.oclc.org/worldcat/entity/E39PBJxWQ4c9Bg8rp6wKgCPYT3 
710 2 |a Mutant Enemy Inc.,  |e production company. 
710 2 |a Twentieth Century Fox Home Entertainment, Inc.,  |e film distributor. 
994 |a Z0  |b TXA 
948 |h HELD BY TXA - 56 OTHER HOLDINGS 
999 f f |s c20d87b7-0bf8-460a-8901-e097a93a477b  |i a9b62277-0d62-497f-b0bd-d480cebe0472  |t 0 
952 f f |p noncirc  |a Texas A&M University  |b College Station  |c Cushing Memorial Library & Archives  |d Cushing: Science Fiction (Does not check out)  |t 0  |e PN1992.77.A54 A5413 2008  |h Library of Congress classification  |i video -- videodisc  |k disc 1/disc 6  |m A1485317645B 
998 f f |a PN1992.77.A54 A5413 2008  |s disc 1/disc 6  |t 0  |l Cushing: Science Fiction (Does not check out)